LEADER 01427nam a2200301 u 4500 001 000000074347 003 CaOOAMICUS 005 20070226122442.0 008 021204s1994 gw u000 u ger u 020 $a3161462203 035 $a10947374 040 $aPUL$bita 100 1 $aSänger, Dieter.$0(OLS)http://pul/name/49261 245 14$aDie Verkündigung des Gekreuzigten und Israel :$bStudien zum Verhältnis von Kirche und Israel bei Paulus und im frühen Christentum /$cvon Dieter Sänger. 260 $aTübingen :$bJ.C.B. Mohr,$c1994. 300 $axi, 395 p. ;$c24 cm 490 1 $aWissenschaftliche Untersuchungen zum Neuen Testament ;$v75 500 $aComprende indici. 504 $aBibliografia in nota. 630 04$aBiblia.$pN.T.$xCritica e interpretazione.$0(OLS)http://pul/subject/1926 830 0$aWissenschaftliche Untersuchungen zum Neuen Testament ;$v75.$0(OLS)http://pul/title/8628 850 $aPUL 852 $aPUL$W1$xSL Religione 1$y3$m16 H 75$j95907$nBK-PRI$b $qStampati$B95907$CPULBib$Z2$F95907 $H $81 941 1 $a8 961 $aINV: 89605 996 $6020$a3161462203$9(OLS)http://pul/number/96346 996 $6245$aDie Verkündigung des Gekreuzigten und Israel :$bStudien zum Verhältnis von Kirche und Israel bei Paulus und im frühen Christentum$9(OLS)http://pul/title/97636 996 $6260$aTübingen :$bJ.C.B. Mohr$9(OLS)http://pul/publisher/47972 LEADER 01272nam a2200289 a 4500 001 000000148464 003 CaOOAMICUS 005 20160112110637.0 008 160112s1947 it abf u000 u ita r 032 $aLibriCat 040 $aPUL$bita 041 1 $aita$alat$hlat 130 0 $aBiblia.$pN.T.$pEpistolae catholicae.$lItaliano.$0(OLS)http://pul/title/43072 245 13$aLe Epistole cattoliche di Giacomo, Pietro, Giovanni e Giuda /$cSac. dott. Pietro De Ambroggi. 260 $aTorino :$bMarietti,$c1947. 300 $a288 p., [3] c. di tav. :$bill., c. geogr. ;$c24 cm. 490 1 $aLa Sacra Bibbia ;$vXIV/1 546 $aTesto latino a fronte. 630 04$aBiblia.$pN.T.$pEpistolae catholicae$xCommenti.$0(OLS)http://pul/subject/2799 700 1 $aDe Ambroggi, Pietro,$csac.$0(OLS)http://pul/name/14818 830 3$aLa Sacra Bibbia ;$vXIV/1.$0(OLS)http://pul/title/42981 850 $aPUL 852 $aPUL$W1$xDP1 Fondo Bordoni$y120$m3 E 30.11$j171120$qFondi$B172341$CPULBib$Z2$F172341 $HBor815 $81 941 1 $a1 996 $6245$aLe Epistole cattoliche di Giacomo, Pietro, Giovanni e Giuda$9(OLS)http://pul/title/43073 996 $6260$aTorino :$bMarietti$9(OLS)http://pul/publisher/48186